000 01359nabaa22001937a 4500
999 _c6146
_d6146
003 OSt
005 20260122235009.0
008 190701b xxu||||| |||| 00| 0 spa d
040 _cPJ
100 _96900
_aGerosa, Alejo Martín
245 1 3 _aLos efectos temporales de la anulación del acto administrativo favorable ante la buena fe del ciudadano /
_cAlejo Martín Gerosa.
300 _ap. 57-72
505 _aSumario: I. Introducción.— II. Aplicación analógica del derecho civil al derecho administrativo en materia de nulidades.— III. El régimen de la nulidad absoluta civil.— IV. Consideraciones de la doctrina nacional.— V. Jurisprudencia relevante y doctrina de la PTN.— VI. La importancia de la confianza que el ciudadano depositó en la Administración.— VII. La paradoja del transcurso del tiempo como agravante de la posición de la Administración y como elemento favorable al ciudadano.— VIII. Distinción entre la declaración de invalidez y sus efectos temporales.— IX. Conclusiones.
505 _t¿Te interesa el texto completo? Comunicate al correo: koha@justierradelfuego.gov.ar
650 0 _9211
_aDERECHO ADMINISTRATIVO
650 0 _91171
_aACTO ADMINISTRATIVO
773 0 _02842
_93251
_dBuenos Aires : AbeledoPerrot, 2012-
_oDA121
_tDerecho administrativo. Nº 150 noviembre/diciembre 2023
_z18510590
942 _2udc
_cANA